000 00597nam a22001577a 4500
003 NUST
038 _aNusrat Nadeem
082 _a200
100 _aMuhammad, Abaid Ur Rehman
_9132653
245 _aComputational Fluid Dynamics (CFD) Analysis of Hemodynamics in Vascular Diseases and Study of Boundary Layer Flow Over Deformable Surfaces
_cMuhammad, Abaid Ur Rehman
264 _aIslamabad:
_bSNS NUST.
_c2025.
650 _aPhD-Mathematics
_9123169
700 _aSupervisor: Dr. Muhammad Asif Farooq
_9123555
856 _u http://10.250.8.41:8080/xmlui/handle/123456789/54329
942 _2ddc
_cSC
999 _c615743
_d615743